000 01137nam a2200289 i 4500
001 bg
245 0 0 _aProcesy transformacji i integracji z Unią Europejską a zachowania podmiotów gospodarujących /
_cred. nauk. ; Wyższa Szkoła Ekonomii i Administracji w Bytomiu
_nA. Zagórowska, K. Malik, M. Miszewski.
260 _aOpole :
_bPolitechnika Opolska ;
_aBytom :
_bWyższa Szkoła Ekonomii i Administracji,
_c2005.
300 _a233 s. :
_brys., wykr. ;
_c24 cm.
504 _aBibliogr. przy ref.
610 2 9 _aUnia Europejska
651 9 _aPolska
_xa Unia Europejska
651 9 _aPolska
_xgospodarka
_xpolityka
_yod 1989 r.
655 _aMateriały konferencyjne
700 1 _aZAGÓROWSKA, Agata.
_eRed.
700 1 _aMALIK, Krzysztof.
_eRed.
700 1 _aMISZEWSKI, Maciej.
_eRed.
710 0 _aWyższa Szkoła Ekonomii i Administracji (Bytom)
015 _aPB 21438/2005
020 _a8388587420 (WSEiA)
040 _cBPK
041 _apol
080 _a338.22(438)"1989/..."(061):[339.923:316.42](4-67)"1989/..."(061)
920 _a83-88587-42-0 (WSEiA)
942 _cKS
008 s pl f |000 0 pol
999 _c51254
_d51254
856 _uhttp://koha.tu.koszalin.pl/cgi-bin/koha/opac-detail.pl?biblionumber=51254
_yKatalog online BPK